000 00433nam a2200169Ia 4500
003 GCL
008 140319s9999 xx 000 0 ara d
040 _aGCL /
_cGCL
082 0 4 _a229.5
_bم ح
100 1 _aمحمود شلبى
245 1 0 _aحياة مريم /
_cمحمود شلبى
260 _a[S.N] :
_bدار الجيل ،
_c1989
300 _a415 ص
650 0 4 _aالاسلام
650 0 4 _aمريم
942 _2ddc
_cREF
999 _c59748
_d59748